000 00198 a2200097 4500
001 4057
100 _aPerkins, W T
245 _aRadio-communications
260 _a
_bNewnes
_c
090 _c3277
_d3277
942 _aNUST-CAE
_cM
_c25302
999 _c239130
_d239130